| 000 | 00509nam a2200181Ia 4500 | ||
|---|---|---|---|
| 008 | 240925s9999 xx 000 0 und d | ||
| 020 | _a817808757 | ||
| 082 | _a003 TAH | ||
| 100 | _aHamel ,Cheryl J.; Hamdy ,A. Taha | ||
| 245 | 0 | _aOpreations Resarch an Intoduction | |
| 250 | _a1st | ||
| 260 |
_aNew Delhi: _bPrentice Hall _c,2005. |
||
| 300 |
_a122p. _bNA _fOriginal |
||
| 500 | _aIncludes Index | ||
| 600 | _aComputer Science | ||
| 650 | _aComputer science, information & general works | ||
| 942 | _cBK | ||
| 999 |
_c13121 _d13121 |
||